Vida heroica de Miguel de Cervantes / (Record no. 70608)

MARC details
000 -LEADER
campo de control de longitud fija 01145nam a2200289 i 4500
001 - NÚMERO DE CONTROL
campo de control 70608
003 - IDENTIFICADOR DE NÚMERO DE CONTROL
campo de control ES-MaACL
005 - FECHA Y HORA DE LA ÚLTIMA TRANSACCIÓN
campo de control 20250808012601.0
007 - CAMPO FIJO DE DESCRIPCIÓN FÍSICA--INFORMACIÓN GENERAL
campo de control de longitud fija t|
008 - DATOS DE LONGITUD FIJA--INFORMACIÓN GENERAL
campo de control de longitud fija 040728e1944 sp ||||1| spa d
080 ## - NÚMERO DE LA CLASIFICACIÓN DECIMAL UNIVERSAL
Número de la Clasificación Decimal Universal 929 Cervantes Saavedra, Miguel de
100 1# - ENTRADA PRINCIPAL--NOMBRE DE PERSONA
Nombre de persona Garciasol, Ramón de,
Fechas asociadas al nombre 1913-1994
9 (RLIN) 236221
Término indicativo de función/relación Autor
245 10 - MENCIÓN DEL TÍTULO
Título Vida heroica de Miguel de Cervantes /
Mención de responsabilidad, etc. Ramón de Garciasol (seud.).
260 ## - PUBLICACIÓN, DISTRIBUCIÓN, ETC.
Lugar de publicación, distribución, etc. [Madrid] :
Nombre del editor, distribuidor, etc. Editorial Nacional,
Fecha de publicación, distribución, etc. 1944
300 ## - DESCRIPCIÓN FÍSICA
Extensión 272 páginas ;
Dimensiones 17 cm.
490 1# - MENCIÓN DE SERIE
Mención de serie Breviarios de la vida española ;
Designación de volumen o secuencia 10
500 ## - NOTA GENERAL
Nota general Anotaciones sueltas
600 14 - PUNTO DE ACCESO ADICIONAL DE MATERIA--NOMBRE DE PERSONA
9 (RLIN) 37596
Nombre de persona Cervantes Saavedra, Miguel de,
Fechas asociadas al nombre 1547-1616-
Subdivisión general Biografías
655 #0 - TERMINO DE INDIZACIÓN--GENERO/FORMA
Datos o término principal de género/forma Novelas
9 (RLIN) 234319
830 #0 - PUNTO DE ACCESO ADICIONAL DE SERIE-TÍTULO UNIFORME
Título uniforme Breviarios de la vida española
9 (RLIN) 180821
852 ## - LOCALIZACIÓN
Ubicación ES-MaACL
Número de control de estantería B-10148
Sublocalización o colección R.21199
itemnumber 73246
Ubicación en estantería Sala Pardo Bazán
852 ## - LOCALIZACIÓN
Ubicación ES-MaACL
Número de control de estantería BUE-608
itemnumber 202199
Ubicación en estantería Depósito 2
Anotaciones manuscritas Anotación manuscrita del autor, Ramón de Garciasol, para Antonio Buero Vallejo en portada: "Antonio Buero".
Donativo/Legado Legado: Antonio Buero Vallejo
903 ## - NOMBRE PERSONAL DE DONANTE
9 32421
a Buero Vallejo, Antonio,
q 1
d 1916-2000
e Donante
942 ## - ELEMENTOS DE ENTRADA SECUNDARIOS (KOHA)
Fuente del sistema de clasificación o colocación Clasificación decimal universal
Tipo de ítem Koha Libro impreso
Suprimir en OPAC No
Holdings
Estatus retirado Estado de pérdida Fuente del sistema de clasificación o colocación Estado de daño No para préstamo Biblioteca de origen Biblioteca actual Ubicación en estantería Fecha de adquisición Total de préstamos Signatura topográfica completa Código de barras Visto por última vez Tipo de ítem Koha Colección Fuente de adquisición Precio de reemplazo Nota pública
    Clasificación decimal universal     Biblioteca del Ateneo de Madrid Biblioteca del Ateneo de Madrid Sala Pardo Bazán 17/01/2008   B-10148 1073934 23/02/2023 Libro impreso        
    Clasificación decimal universal     Biblioteca del Ateneo de Madrid Biblioteca del Ateneo de Madrid Depósito 2 07/05/2024   BUE-608 101227416 07/05/2024 Libro impreso Libros con dedicatorias Legado 07/05/2024 Anotación manuscrita del autor, Ramón Garciasol, para Antonio Buero Vallejo.